[Event "Politiken Cup 31st"]
[Site "Helsingor"]
[Date "2009.07.23"]
[Round "7"]
[White "Capion, Jon Gotz"]
[Black "Petersen, Nils"]
[Result "1-0"]
[WhiteElo "1690"]
[BlackElo "2060"]
[PlyCount "51"]
[EventDate "2009.07.18"]
[EventType "swiss"]
[EventRounds "10"]
[EventCountry "DEN"]
[SourceTitle "CBM 131 Extra"]
[Source "ChessBase"]
[SourceDate "2009.09.03"]
[SourceVersion "2"]
[SourceVersionDate "2009.09.16"]
[SourceQuality "1"]

1. e4 c5 2. Nf3 e6 3. d4 cxd4 4. Nxd4 Nc6 5. Nc3 a6 6. Be3 Nf6 7. f3 Bb4 8. a3 Bxc3+ 9. bxc3 0-0 10. Bd3 d5 11. Nxc6 bxc6 12. Bc5 Re8 13. e5 Nd7 14. Bd6 f5 15. 0-0 c5 16. f4 a5 17. Bxf5 Bb7 18. Bh3 g6 19. Rb1 Bc6 20. g4 c4 21. Qd4 Nf6 22. Rb6 Rc8 23. f5 Ne4 24. fxe6 Nxd6 25. exd6 Qxd6 26. Rf7 1-0

[Event "Politiken Cup 31st"]
[Site "Helsingor"]
[Date "2009.07.21"]
[Round "5"]
[White "Capion, Jon Gotz"]
[Black "Lund, Per"]
[Result "0-1"]
[WhiteElo "1690"]
[BlackElo "2047"]
[PlyCount "104"]
[EventDate "2009.07.18"]
[EventType "swiss"]
[EventRounds "10"]
[EventCountry "DEN"]
[SourceTitle "CBM 131 Extra"]
[Source "ChessBase"]
[SourceDate "2009.09.03"]
[SourceVersion "2"]
[SourceVersionDate "2009.09.16"]
[SourceQuality "1"]

1. e4 e5 2. Nf3 Nf6 3. Nxe5 d6 4. Nf3 Nxe4 5. Nc3 Nxc3 6. dxc3 Be7 7. Bd3 0-0 8. h3 Nd7 9. Be3 d5 10. Qd2 c5 11. Rd1 Nf6 12. 0-0 b6 13. Bb5 Bb7 14. Ne5 Qc8 15. Be2 Ne4 16. Qc1 Qe6 17. Nd3 Rad8 18. Rfe1 Bf6 19. Bg4 Qc6 20. Bf4 Rfe8 21. f3 Nd6 22. Ne5 Bxe5 23. Rxe5 Rxe5 24. Bxe5 h6 25. Qf4 b5 26. Bh5 Rd7 27. Bxd6 Qxd6 28. Bxf7+ Kf8 29. Qxd6+ Rxd6 30. Bh5 g6 31. Bg4 h5 32. Bxh5 gxh5 33. Re1 d4 34. Rd1 Ke7 35. cxd4 Rxd4 36. Rxd4 cxd4 37. Kf2 Kf6 38. h4 Bd5 39. a3 Ke5 40. g3 a5 41. Ke2 Be6 42. Kd3 Bf5+ 43. Kd2 Kd5 44. b3 Kc5 45. c3 dxc3+ 46. Kxc3 b4+ 47. Kb2 Kd4 48. g4 hxg4 49. fxg4 Bxg4 50. Kc2 Ke3 51. Kc1 Kd3 52. Kb2 Kd2 0-1

[Event "Politiken Cup 31st"]
[Site "Helsingor"]
[Date "2009.07.20"]
[Round "4"]
[White "Andersen, Daniel"]
[Black "Capion, Jon Gotz"]
[Result "0-1"]
[WhiteElo "1963"]
[BlackElo "1690"]
[PlyCount "68"]
[EventDate "2009.07.18"]
[EventType "swiss"]
[EventRounds "10"]
[EventCountry "DEN"]
[SourceTitle "CBM 131 Extra"]
[Source "ChessBase"]
[SourceDate "2009.09.03"]
[SourceVersion "2"]
[SourceVersionDate "2009.09.16"]
[SourceQuality "1"]

1. Nf3 d5 2. g3 Nf6 3. Bg2 Bg4 4. h3 Bh5 5. c4 e6 6. d4 Nbd7 7. Nc3 c6 8. b3 Bb4 9. Bd2 Bg6 10. Nh4 Bxc3 11. Bxc3 Ne4 12. Nxg6 Nxc3 13. Qd2 hxg6 14. Qxc3 Nf6 15. 0-0 Qd7 16. Rad1 Rc8 17. b4 b6 18. f3 Qc7 19. f4 0-0 20. c5 b5 21. Ra1 a5 22. bxa5 Ra8 23. a4 Rxa5 24. axb5 Rxb5 25. Rfb1 Rfb8 26. Rxb5 Rxb5 27. Ra8+ Rb8 28. Qa5 Qb7 29. Ra7 Qb3 30. Qc7 Nh5 31. Bf3 Qe3+ 32. Kg2 Rb1 33. Qxf7+ Kh7 34. h4 Qg1+ 0-1

[Event "Politiken Cup 31st"]
[Site "Helsingor"]
[Date "2009.07.19"]
[Round "2"]
[White "Greeuw, Sietske"]
[Black "Capion, Jon Gotz"]
[Result "1-0"]
[WhiteElo "1968"]
[BlackElo "1690"]
[PlyCount "49"]
[EventDate "2009.07.18"]
[EventType "swiss"]
[EventRounds "10"]
[EventCountry "DEN"]
[SourceTitle "CBM 131 Extra"]
[Source "ChessBase"]
[SourceDate "2009.09.03"]
[SourceVersion "2"]
[SourceVersionDate "2009.09.16"]
[SourceQuality "1"]

1. d4 Nf6 2. Bg5 e6 3. e4 Be7 4. e5 Nd5 5. Bxe7 Qxe7 6. Qd2 Nc6 7. c4 Nb6 8. Nf3 Qb4 9. Bd3 Na4 10. b3 Nb6 11. Nc3 a6 12. 0-0 d5 13. exd6 cxd6 14. Rac1 Bd7 15. Qg5 0-0 16. Bxh7+ Kxh7 17. Qh5+ Kg8 18. Ng5 Rfe8 19. Qxf7+ Kh8 20. Qg6 Kg8 21. Nce4 Nd8 22. Qh7+ Kf8 23. Qh8+ Ke7 24. Qxg7+ Nf7 25. Qf6+ 1-0

[Event "Taastrup Quick Weekend 2nd C"]
[Site "Taastrup"]
[Date "2005.11.11"]
[Round "1"]
[White "Skydsgaard, Sune"]
[Black "Capion, Jon Gotz"]
[Result "1-0"]
[WhiteElo "1547"]
[BlackElo "1207"]
[PlyCount "57"]
[EventDate "2005.11.11"]
[EventType "tourn"]
[EventRounds "5"]
[EventCountry "DEN"]
[SourceTitle "EXT 2023"]
[Source "ChessBase"]
[SourceDate "2022.10.05"]
[SourceVersion "1"]
[SourceVersionDate "2022.10.05"]
[SourceQuality "1"]

1. d4 d5 2. Nf3 Nc6 3. g3 Nf6 4. Bg2 Bg4 5. 0-0 e6 6. b3 Bd6 7. Bb2 Qd7 8. Na3 Bxf3 9. Bxf3 g5 10. c4 dxc4 11. Nxc4 g4 12. Bg2 Nd5 13. e4 Nb6 14. d5 Rg8 15. Nxb6 cxb6 16. dxc6 bxc6 17. e5 Be7 18. Qxd7+ Kxd7 19. Rac1 Rac8 20. Rfd1+ Ke8 21. Rxc6 Rxc6 22. Bxc6+ Kf8 23. Be4 h5 24. Bc1 Bg5 25. Bh7 Rg7 26. Ba3+ Ke8 27. Be4 Be7 28. Bc6+ Kf8 29. Rd8# 1-0

[Event "Skovlunde Capablanca-C"]
[Site "Skovlunde"]
[Date "2003.09.29"]
[Round "5"]
[White "Moustgaard, Lynge"]
[Black "Capion, Jon Gotz"]
[Result "0-1"]
[WhiteElo "1000"]
[BlackElo "1007"]
[PlyCount "51"]
[EventDate "2003.08.25"]
[EventType "tourn"]
[EventRounds "5"]
[EventCountry "DEN"]
[SourceTitle "EXT 2023"]
[Source "ChessBase"]
[SourceDate "2022.10.05"]
[SourceVersion "1"]
[SourceVersionDate "2022.10.05"]
[SourceQuality "1"]

1. f4 d5 2. e3 e6 3. Nf3 Nf6 4. g3 Bd6 5. Bg2 0-0 6. 0-0 Re8 7. d4 Nc6 8. Nc3 Ne4 9. Nxe4 dxe4 10. Ng5 b6 11. Nxe4 Ba6 12. Re1 f5 13. Nf6+ Qxf6 14. Bxc6 Bb4 15. Bxe8 Bxe1 16. Bc6 Rd8 17. Qxe1 Rd6 18. Bg2 Rc6 19. Bxc6 Bc4 20. e4 Qd8 21. exf5 Qxd4+ 22. Qe3 Qd6 23. Bf3 exf5 24. Qe8+ Qf8 25. Qxf8+ Kxf8 26. b3 0-1